| 000 | 00957nam a22002777a 4500 | ||
|---|---|---|---|
| 005 | 20260108130257.0 | ||
| 008 | 260108b |||||||| |||| 00| 0 eng d | ||
| 020 | _a9789672437369 | ||
| 040 | _aJKKN | ||
| 082 | 0 | 4 |
_a952 _bFAR |
| 100 | 0 |
_aFariz Fadzilah _95030 |
|
| 245 | 1 | 0 |
_a KITAB TAMADUN JEPUN / _cFARIZ FADZILAH WAQQAS ZULFIQUER AIMAN HAZIEQ ; Penyunting: Norashimah Tajoruddin |
| 264 | 1 |
_aKuala Lumpur : _bPATRIOTS PUBLISHING SDN. BHD. _c[2022] |
|
| 300 |
_a xii, 346 pages: _bphotographs ; _c23 cm. |
||
| 337 |
_2rdamedia _aunmediated |
||
| 338 |
_2rdacarrier _avolume |
||
| 500 | _aBibliography: pages [337]-346 | ||
| 651 | 0 |
_aJapan _xHistory _95031 |
|
| 651 | 0 |
_a Japan _xCivilization _95032 |
|
| 651 | 0 |
_a Japan _xSocial conditions _95033 |
|
| 700 | 0 |
_aWaqqas Zulfiquer, _eauthor _95034 |
|
| 700 | 0 |
_aAiman Hazieq _eauthor. _95035 |
|
| 700 | 0 |
_aNorashimah Tajoruddin, _eeditor. _95036 |
|
| 942 |
_2ddc _cBK |
||
| 998 | _p952 FAR | ||
| 999 |
_c3147 _d3143 |
||